00659 a2200157 45000010006000000050017000060080041000230030015000640400040000790800032001192450060001513000037002115050217002481000018004657000018004835711820260407155833.0260407a arg spa d AR-UNSa-BCEJYS aAR-UNSa-BCEJYSbspacAR-UNSa-BCEJYS a94:33xHistoria económica10aBreve visión de la Historia económica contemporanea a2v.(005-338; 005-248 p.)c20 cm. a1. El apogeo del mundo liberal – 2.La guerra y sus consecuencias – 3.La reconstrucción de Europa y el boom americano – 4.La crisis de 1929 – 5.Las grandes experiencias en la pendiente hacia la guerra. 1 aPommery, Luis1 aHuera, Carmen